00718cam a22001937a 4500003000500000005001700005008004100022010000800063011000900071035000800080040000900088100003200097245016000129260004000289300002200329502007700351650004800428650004800476CHAP20240906141344.0971013s1986 r 00010 d a774 a1746 a922 cCHAP10aHernández Garay, Alfonso.10aDeterminación de la calidad de la materia seca en 27 asociaciones de gramíneas y leguminosas forrajeras de clima templado en su primer año de cultivo aChapingo, Méx. :bEl autor,c1986 a88 h.b; gráfs. aTesis (Ing. Agr. Esp. en Zootecnía) -- UACH. Departamento de Zootecnia14aGramíneasxMateria secaxDeterminación.14aLeguminosasxMateria secaxDeterminación.